000 00565nam a2200217 a 4500
999 _c10794
_d10794
001 10794
003 BD-JhCC
005 20230208134023.0
008 190403s 2003nyu |||| |||| 000 0 Eng d
020 _a0385513224
035 _a(BD-JhCC)10794
040 _aBD-JhCC
_dBD-JhCC
041 _aeng
082 _a813.54
_bBRO 2003
100 _aBrown, Dan
245 _aThe Da Vinci Code :
_ba novel /
_cDan Brown
260 _aNew York :
_bDoubleday,
_cc2003.
300 _a489 p. :
_c16 cm.
650 _aNovel
_xDetective and mystery stories
942 _2ddc
_cBK
_040